000 00853nam a2200229 a 4500
001 38955
003 BD-RjUL
005 20211209052906.0
008 160418s2013 bg |||| |||| 00| 0 ben d
020 _a9789843378002
_c: TK. 240.00
035 _a(BD-RjUL)39065
040 _aBD-RjUL
_bben
_cBD-RjUL
041 _aben
082 _223
_a891.44109
_bIQK 2013
100 _a ইকবাল, শহীদ
_9120271
245 1 0 _aকবিতা :
_bমনন ও মনীষা /
_cশহীদ ইকবাল
260 _aঢাকা :
_bরাচী গ্রন্থনিকেতন,
_c২০১৩.
300 _a১৩৫ পৃ. ;
_c২২ সেমি.
650 _aবাংলা কবিতা
_vইতিহাস ও সমালোচনা
_9120272
650 _aBengali poetry
_vHistory and criticism
_9120273
942 _2ddc
_cBK
_01
999 _c38955
_d38955